The millionaires
Պահպանված է:
| Հիմնական հեղինակ: | |
|---|---|
| Ձևաչափ: | Գիրք |
| Լեզու: | անգլերեն |
| Հրապարակվել է: |
Warner Books
2002
|
| Ցուցիչներ: |
Ավելացրեք ցուցիչ
Չկան պիտակներ, Եղեք առաջինը, ով նշում է այս գրառումը!
|
MARC
| LEADER | 00000nam a22000007a 4500 | ||
|---|---|---|---|
| 008 | 210608b ||||| |||| 00| 0 eng d | ||
| 020 | |a PS3563 .M49 | ||
| 100 | |a MELTZER, Brad. | ||
| 245 | |a The millionaires |c Brad Meltzer |g x, 481p. | ||
| 260 | |b Warner Books |c 2002 |h New York |i 694163 |l PS3563 .M49 |m Embezzlement – Fiction. |m Brothers – Fiction. | ||
| 942 | |a lcc |c BK |e YUNUSA, A.A. |f 08/06/2021 | ||
| 952 | |0 0 |1 0 |2 lcc |4 0 |6 PS3563 M49 |7 0 |9 2543 |a HOL |b HOL |c LP |d 2021-06-08 |l 0 |o PS3563 .M49 |p 2021-6394 |r 2021-06-08 00:00:00 |w 2021-06-08 |y BK | ||
| 999 | |c 1324 |d 1324 | ||